01671cam a22003371 450000100100000000500170001000800410002701000130006804000230008104100140010404300300011805000170014810000410016524000410020624500590024725000580030626000710036430000390043544000370047450000550051150002830056650401410084950400320099065100370102265100670105965000510112665000540117765000580123170000330128935000110132200001483120200929163915.0780116s1969 sp b 000 0 lat  a75295156 aDO-SdBNPcDLCdDLC1 alatspalat acl-----ae-sp---an------00aF1411b.C4761 aCasas, Bartolome de las,d1474-1566.10aDe regia potestate.lSpanish & Latin10aDe regia potestate; /co Derecho de autodeterminacion. aEdicion critica bilinguebpor Luciano Perena [et al.] aMadrid, :bConsejo Superior de Investigaciones Cientificas,c1969. aclvii, 316 (i.e. 431) p. ;c22 cm. 0aCorpus Hispanorum de pace,vv. 8 aOpposite pages, p. [1]-115, numbered in duplicate. aLatin text with Spanish translation by Vidal Abril Castello of Erudita et elegans explicatio quaestionis: utrum reges vel principes jure aliquo vel titulo, et salva conscientia, cives ac subditos a regia corona alienare et alterius domini particularis ditioni subjicere possint? a"Apendices" (p. [117]-292) contain writings of Las Casas and other documents in Spanish, Latin, or Italian on the system of encomiendas. aBibliography: p. [305]-311. 0aLatin AmericaxHistoryyTo 1600. 0aSpainxColonieszAmericaxAdministrationvEarly works to 1800. 0aKings and rulersxDutiesvEarly works to 1800. 0aHuman rightszLatin AmericavEarly works to 1800. 0aPolitical rightszLatin AmericavEarly works to 1800.1 aPerena, Luciano,d1920-eed. a450.00